000 00186 a2200085 4500
020 _a9781445601496
100 _aTONY ROOK
245 _aROMAN BUILDING TECHNIQUES
260 _bAMBERLEY PUB PLC
999 _c13173
_d13173